| 000 | 00710nam a2200277Ia 4500 | ||
|---|---|---|---|
| 005 | 20260324153556.0 | ||
| 008 | 008 260324s9999 xx 000 0 eng d | ||
| 020 | _a9780323918947 | ||
| 037 | _aEBOOK | ||
| 040 | _aCRL | ||
| 040 | _beng | ||
| 040 | _cCRL | ||
| 041 | _2eng | ||
| 041 | _aeng | ||
| 084 | _qCRL | ||
| 100 |
_aDimitrios Giannakoudakis _9903058 |
||
| 245 | 0 | _aNovel Materials for Environmental Remediation Applications: Adsorption and Beyond | |
| 250 | _a1 | ||
| 260 | _bElsevier | ||
| 260 | _c2023 | ||
| 650 | _aEnvironmental Science | ||
| 856 | _uhttps://www.sciencedirect.com/science/book/9780323918947 | ||
| 942 | _cEBOOK | ||
| 999 |
_c1843442 _d1843442 |
||